| 000 | 01488nam a22004217a 4500 | ||
|---|---|---|---|
| 001 | 12525844 | ||
| 003 | OSt | ||
| 005 | 20210415112835.0 | ||
| 008 | 010905s2001 nyu 000 0 eng d | ||
| 010 | _a 2001275217 | ||
| 020 | _a0312977646 | ||
| 035 | _a(OCoLC)ocm47729654 | ||
| 040 |
_aIMF _cIMF _dDLC _beng |
||
| 041 | _aeng | ||
| 042 | _alccopycat | ||
| 043 | _an-us-mi | ||
| 050 | 0 | 0 |
_aHV6534.W286 _bH46 2001 |
| 080 |
_a821.111 _bH-54 |
||
| 082 | 0 | 0 |
_a364.15/23/0977439 _221 |
| 100 | 1 | _aHenderson, Tom. | |
| 245 | 1 | 2 |
_aA deadly affair / _cTom Henderson. _b/ by: St. Martin's Paperbacks |
| 250 | _aSt. Martin's Paperbacks edition | ||
| 260 |
_aNew York, N.Y. _bSt. Martin's Paperbacks _c2001. |
||
| 300 |
_aviii, 376 p. _bill. _c18 cm. |
||
| 365 | _b6.50 usd | ||
| 440 | 0 | _aSt. Martin's true crime library | |
| 600 | 1 | 0 | _aFletcher, Leann. |
| 600 | 1 | 0 | _aFletcher, Michael. |
| 650 | 0 |
_aMurder _zMichigan _zWarren _vCase studies. |
|
| 650 | 0 |
_aEnglish literature _9254 |
|
| 650 | 0 |
_aUxoricide _zMichigan _zWarren _vCase studies. |
|
| 653 | _aინგლისური ლიტერატურა | ||
| 856 | 4 | 2 |
_3Publisher description _uhttp://www.loc.gov/catdir/description/hol041/2001275217.html |
| 856 | 4 | 2 |
_3Contributor biographical information _uhttp://www.loc.gov/catdir/enhancements/fy1215/2001275217-b.html |
| 906 |
_a7 _bcbc _ccopycat _d2 _encip _f20 _gy-gencatlg |
||
| 942 |
_2udc _cBK |
||
| 999 |
_c2081 _d2081 |
||